000
00323nam a22001337a 4500
020
_a
9788176221279
082
_a
637.1
_b
MIL/AN
100
_a
Milk Industry Foundation
245
_a
Analysis of milk and its products: a lab manual
250
_a
2nd
260
_a
Delhi
_b
Biotech Books
_c
2012
300
_a
630
942
_c
REF
999
_c
13676
_d
13676